000 00526nam a2200193Ia 4500
005 20250508162845.0
008 008 250505s9999 xx 000 0 eng d
020 _a0-7099-0842-3
037 _aTextual
040 _aFEDL
_beng
_cFEDL
041 _aeng
_2eng
084 _a379.11, DEN
_qFEDL
100 _aDennison W F
_9510757
245 0 _aEducational finance and resoruces
260 _aLondon, UK
_bCroom Helm Ltd
_c1984
300 _a271p.
942 _cTEXL
_h379.11, DEN
999 _c1379070
_d1379070